| 000 | 00409nam a22001217a 4500 | ||
|---|---|---|---|
| 082 | _a220 PRO | ||
| 100 |
_aMuhammad Waqar, Umar Abbas,Abdul Karim, Muhammad Arish, Hussain Jaffri _971100 |
||
| 245 | _aPR-SOF-1414-UNMANNED LEAD VEHICLE | ||
| 260 |
_aISLAMABAD _bNUST COLLEGE OF EME _c2015 |
||
| 650 |
_aDE-MTS-33 [1] _971101 |
||
| 700 |
_aDr Javed Iqbal, Lt Col Nasir Rashid, Lec Asad Ullah _971102 |
||
| 942 | _cCR | ||
| 999 |
_c577808 _d577808 |
||